000 00427nam a2200157Ia 4500
008 240729s9999 xx 000 0 und d
022 _a1525-6065
245 0 _aHypertension in Pregnancy
260 _aUnited Kingdom
260 _bTaylor & Francis Group
650 _a Gynecology and obstetrics
650 _aMedicine
856 _uhttps://doaj.org/toc/a1df2115a39244a498efd583dd6d66ea
942 _2ddc
942 _cDOAJEJ
999 _c69007
_d69007
945 _a1
_bMadushi Gamage
_c1
_dMadushi Gamage